Yeni Türkiye (YTP) (Record no. 4950)

MARC details
000 -BAŞLIK
Sabit Uzunlukta Kontrol Alanı 00870na a2200277 4500
001 - KONTROL NUMARASI
Denetim Alanı 20965
003 - KONTROL NUMARASI IDENTIFIER
Denetim Alanı MIRAKIL
005 - SON İŞLEM TARİHİ VE ZAMANI
Denetim Alanı 20181213155022.0
008 - SABİT-BOY VERİ ELEMANLARI - GENEL BİLGİLER
Sabit Uzunlukta Kontrol Alanı 170130b tu 000 0
035 ## - SİSTEM KONTROL NUMARASI
Sistem Kontrol Numarası 20965
040 ## - KATALOGLAMA KAYNAK
Orijinal Kataloglama Ajansı Milas
Kataloglama Dili tur
Metne Dönüştürmek Ajansı TR-AnCHP
041 ## - DİL KODU
Metin / Ses Parça Veya Ayrı Başlığın Dil Kodu tur
082 ## - DEWEY ONLU SINIFLANDIRMA NUMARASI
Sınıflandırma Numarası 324.2372
Ürün Numarası Y35 2003
090 ## - SINIFLAMA NUMARASI
Sınıflama Numarası 324.2372 Y35 2003
110 ## - ANA GİRİŞ - KURUMSAL ADI
Giriş Elemanı Olarak Kurumsal Ad Veya Yargı Alanı Adı Yeni Türkiye Partisi (YTP)
245 ## - BAŞLIK TABLOSU
Başlık Yeni Türkiye (YTP)
Başlığın Kalan yönetmelikler
Sorumluluk Tablosu, Vb YTP
246 ## - UNVAN FORM VARYING
Başlık Doğru / Kısa Başlığı Yönetmelikler
260 ## - YAYIN, DAĞITIM, VB
Yayın, Dağıtım, Vb Yeri [Ankara]
Yayıncı, Dağıtıcı, Vs Adı YTP
Yayın, Dağıtım, Vb Tarihi 2003
Üretici Firma Tşof Plaka Matbaacılık
300 ## - FİZİKSEL TANIM
Kapsam 64 s.
Boyutlar 16 sm.
610 ## - KONU KATMA GİRİŞ - TOPLANTI ADI
Giriş Elemanı Olarak Kurumsal Ad Veya Yargı Alanı Adı Yeni Türkiye Partisi (YTP)
Genel Alt Bölüm Yönetmelikler
610 ## - KONU KATMA GİRİŞ - TOPLANTI ADI
Giriş Elemanı Olarak Kurumsal Ad Veya Yargı Alanı Adı Yeni Türkiye Partisi (YTP)
Genel Alt Bölüm Propaganda ve ideolojiler
650 ## - KONU KATMA GİRİŞ - TOPİKAL DÖNEM
Topikal Süreli Veya Coğrafi Ad Giriş Elemanı Siyasal partiler
Genel Alt Bölümü Parti türleri
Kronolojik Alt Bölümü Sosyal demokrat partiler
Coğrafi Alt Bölümü Türkiye
710 ## - KATMA GİRİŞ - KURUMSAL ADI
Giriş Elemanı Olarak Kurumsal Ad Veya Yargı Alanı Adı Yeni Türkiye Partisi (YTP)
830 ## - SERİSİ EKLENDİ GİRİŞ - ÜNİFORM ADI
Üniforma Başlık Yeni Türkiye Partisi
942 ## - EKLENDİ GİRİŞ ELEMANLARI (KOHA)
Sınıflandırma Veya Raf Düzeni Kaynak Dewey Decimal Classification
Koha Öğesi Türü Books
999 ## - SİSTEM KONTROL NUMARALARI (KOHA)
Koha Biblionumber 4950
Koha Biblioitemnumber 4950
Holdings
Kalıcı Konum Mevcut Konum Edinme Tarihi Edinim Kaynak Toplam Check-Out'Lar Tam Çağrı Numarası Barkod Tarih Son Görülme İtibaren Geçerli Fiyatlar Koha Öğesi Türü
CHP Kütüphanesi CHP Kütüphanesi 01/30/2017 Bağış   324.2372 Y35 2003 012704 01/30/2017 01/30/2017 Books